| 000 | 00481nam a2200181Ia 4500 | ||
|---|---|---|---|
| 008 | 180921t2016 xxu||||| |||| 00| 0 sin d | ||
| 041 | _asin | ||
| 080 |
_a8C3 _b(Youth) RED |
||
| 100 | _aReid, Vic | ||
| 245 | _aතරුණ රණශූරයෝ | ||
| 246 | _aTharuna RanaShurayo | ||
| 260 |
_bFast Publishing _aColombo _c2016 |
||
| 300 | _a96p, 22cm | ||
| 700 |
_aDinuka Madushan Wanninayaka _etr. |
||
| 942 | _cBK | ||
| 999 |
_c11185 _d11185 |
||
| 003 | LK-CoDNM | ||
| 040 |
_aLK-CoDNM _dLK-CoDNM _eLK-CoDNM |
||